| 000 | 00447nam a2200181Ia 4500 | ||
|---|---|---|---|
| 999 |
_c11014 _d11014 |
||
| 003 | OSt | ||
| 008 | 191201s2012 xx 000 0 und d | ||
| 020 | _a9789389330762 | ||
| 082 |
_a367 _bSTO |
||
| 100 | _aHILL, Napoleon | ||
| 245 | 0 | _aSuccess Through A Positive Mental Attitude | |
| 250 | _aEd | ||
| 260 |
_bPigeon Classics _c2021 _aNew Delhi |
||
| 300 | _a360 | ||
| 650 | _aMotivational | ||
| 700 | _aSTONE, W. Clement | ||
| 942 |
_2ddc _cBK _02 |
||